MARC details
| 000 -LÍDER |
| campo de controle de tamanho fixo |
01964nam a2200301 4500 |
| 001 - NÚMERO DE CONTROLE |
| campo de controle |
409 |
| 003 - IDENTIFICADOR DO NÚMERO DE CONTROLE |
| campo de controle |
OSt |
| 005 - DATA E HORÁRIO DA ÚLTIMA TRANSAÇÃO |
| campo de controle |
20250528074019.0 |
| 008 - CAMPO DE DADOS FIXOS--INFORMAÇÃO GERAL |
| campo de controle de tamanho fixo |
250516b |||||||g |||| 00| 1 eng d |
| 020 ## - ISBN - INTERNATIONAL STANDARD BOOK NUMBER |
| ISBN - International Standard Book Number |
9788580575071 |
| 040 ## - FONTE DA CATALOGAÇÃO |
| Idioma da catalogação |
por |
| 041 ## - CÓDIGO DE IDIOMA |
| Código do idioma do original e/ou traduções intermediárias do texto |
eng |
| Código do idioma do texto/trilha sonora ou título diferente |
por |
| 082 ## - CDD - CLASSIFICAÇÃO DECIMAL DE DEWEY |
| Número de Classificação |
813 |
| Número do exemplar |
H311c |
| 240 ## - TÍTULO UNIFORME |
| Título uniforme |
Sure Signs of Crazy |
| 245 ## - TÍTULO |
| Título |
Claros Sinais de Loucura / |
| Indicação de responsabilidade, etc. |
Harrington Karen ; Tradução de Edmundo Barreiros |
| 260 ## - PUBLICAÇÃO, DISTRIBUIÇÃO, ETC. |
| Local de publicação, distribuição, etc. |
Rio de Janeiro |
| Nome do editor, distribuidor, etc. |
Intrínseca |
| Data da publicação, distribuição, etc. |
2014 |
| 300 ## - DESCRIÇÃO FÍSICA |
| Extensão |
256 p. |
| 520 ## - NOTA DE RESUMO, ETC. |
| Resumo, etc. |
Você nunca conheceu ninguém como Sarah Nelson. Enquanto a maioria dos amigos adora Harry Potter, ela passa o tempo escrevendo cartas para Atticus Finch, o advogado de O sol é para todos. Coleciona palavras-problema em um diário, tem uma planta como melhor amiga e vive tentando achar em si mesma sinais de que está ficando louca. Não é à toa: a mãe tentou afogá-la e ao irmão quando eles tinham apenas dois anos, e desde então mora em uma instituição psiquiátrica. O pai, professor, tornou-se alcoólatra.<br/>Fugindo da notoriedade do crime, ele e Sarah já se mudaram de diversas cidades, e a menina jamais se sentiu em casa em nenhuma delas. Com a chegada do verão em que completa doze anos, ela está cada vez mais apreensiva. Sente falta de um pai mais presente e das experiências que não viveu com a mãe, já se acha grande demais para passar as férias na casa dos avós, está preocupada com a árvore genealógica que fará na escola e ansiosa pelo primeiro beijo de língua que ainda não aconteceu.<br/>Mas a vida não pode ser só de preocupações, e, entre uma descoberta e outra, Sarah vai perceber que seu verão tem tudo para ser muito mais. Bem como seu futuro.<br/> |
| 650 #0 - ASSUNTO--TERMO TÓPICO |
| Cabeçalho tópico ou nome geográfico |
Literatura Americana |
| 9 (RLIN) |
84 |
| 650 #0 - ASSUNTO--TERMO TÓPICO |
| Cabeçalho tópico ou nome geográfico |
Espiritualidade |
| 9 (RLIN) |
16 |
| 650 #0 - ASSUNTO--TERMO TÓPICO |
| Cabeçalho tópico ou nome geográfico |
Filosofia |
| 9 (RLIN) |
4 |
| 650 #0 - ASSUNTO--TERMO TÓPICO |
| Cabeçalho tópico ou nome geográfico |
Animais |
| 9 (RLIN) |
59 |
| 650 #0 - ASSUNTO--TERMO TÓPICO |
| Cabeçalho tópico ou nome geográfico |
Auto Conhecimento |
| 9 (RLIN) |
19 |
| 650 #0 - ASSUNTO--TERMO TÓPICO |
| Cabeçalho tópico ou nome geográfico |
Filme |
| 9 (RLIN) |
26 |
| 655 #0 - TERMO DE ÍNDICE--GÊNERO E FORMA |
| Gênero/forma/ou termo foco |
Romance |
| 655 #0 - TERMO DE ÍNDICE--GÊNERO E FORMA |
| Gênero/forma/ou termo foco |
Ficção |
| 942 ## - ELEMENTOS DE ENTRADA ADICIONADOS (KOHA) |
| Fonte de classificação ou esquema de arquivamento |
Classificação decimal de Dewey |
| Ocultar no OPAC |
Não |
| Tipo de material Koha |
Livros |